000
00310nam a22001217a 4500
008
180514b xxu||||| |||| 00| 0 eng d
041
_a
eng
080
_a
043.3
100
_a
0
101
_a
SHKI-BTH
245
_a
Implementimi i standardeve të SQL-it nga oracle dhe MS SQL server
_c
Pllana,B
942
_2
udc
_c
BK
999
_c
45778
_d
45778